书目信息 |
| 题名: |
原子世界旅行记
|
|
| 作者: | 伊林 , Ильин 著 ;王汶 译 | |
| 分册: | ||
| 出版信息: | 北京 中国青年出版社 1951 |
|
| 页数: | 72页 | |
| 开本: | 19cm | |
| 丛书名: | 世界科普名著 | |
| 单 册: | ||
| 中图分类: | O562-49 | |
| 科图分类: | 53.82059 | |
| 主题词: | 原子物理学--普及读物 | |
| 电子资源: | ||
| ISBN: | ||
| 000 | 00792nam2 2200277 45 | |
| 001 | 0197022711 | |
| 005 | 20060816111320.89 | |
| 010 | @dCNY0.19 | |
| 091 | @a13009.22 | |
| 100 | @a19970729e19961951em y0chiy0121 ea | |
| 101 | 1 | @achi@crus |
| 102 | @aCN@b110000 | |
| 105 | @af z 000yy | |
| 200 | 10 | @a原子世界旅行记@Ayuan zi shi jie lv xing ji@f(苏)伊林(М.Ильин)著@g王汶译 |
| 210 | @a北京@c中国青年出版社@d1951@h1996重印 | |
| 215 | @a72页@c插图@d19cm | |
| 225 | 2 | @a世界科普名著@i伊林著作选@h第七册 |
| 410 | 0 | @120010@a伊林著作选 |
| 606 | @a原子物理学@x普及读物 | |
| 690 | @aO562-49@v3 | |
| 692 | @a53.82059 | |
| 701 | 1 | @a伊林@Ayi lin@bМ.@4著 |
| 701 | A1 | @aИльин@bМ.@4著 |
| 702 | 0 | @a王汶@Awang wen@4译 |
| 801 | 0 | @aCN@bTSSF@c20060816 |
| 905 | @a10447@dO562-49@e47 | |
| 原子世界旅行记/(苏)伊林(М.Ильин)著/王汶译.-北京:中国青年出版社,1951(1996重印) |
| 72页:插图;19cm.-(世界科普名著.伊林著作选.第七册) |
| ISBN :CNY0.19 |
| ● |
| 相关链接 |
|
|
|
|
正题名:原子世界旅行记
索取号:O562-49/47
 
预约/预借
| 序号 | 登录号 | 条形码 | 馆藏地/架位号 | 状态 | 备注 |
| 1 | 0461866 | 204618663 | 密集书库/ [索取号:O562-49/47] | 在馆 |